Normal view
MARC view
- Cartilla totonaca
Entry Materia
001 - NÚMERO DE CONTROL DEL REGISTRO
- campo de control: 8375
003 - IDENTIFICADOR DE NUMERO DE CONTROL
- campo de control: UPN
005 - FECHA Y HORA DE LA ÚLTIMA TRANSACCIÓN
- campo de control: 20221118174827.0
008 - DATOS DE LONGITUD FIJA
- campo de control de longitud fija: 221118nn annnnbabn n ana |d
035 ## - NÚMERO DE CONTROL DEL SISTEMA
- Número de control del sistema: UPN10000008381
040 ## - FUENTE DE LA CATALOGACIÓN
- Lengua de catalogación: spa
- Centro catalogador de origen: MX-MxUPN
046 ## - FECHAS CON CODIFICACIÓN ESPECIAL
- Fecha final para contenidos agregados: 2022
150 ## - ENCABEZAMIENTO - TEMÁTICO
- Término de materia o nombre geográfico como elemento inicial: Cartilla totonaca
670 ## - FUENTE EN LA QUE SE LOCALIZARON DATOS
- Cita de la fuente: T/P
- Información localizada: Cartilla totonaca
902 ## - CATALOGADOR
- Catalogador: LG/210197
